00438nmm a2200145Ia 4500008004100000020001800041041000800059100001100067245004300078264007700121300001600198490001400214650001200228856005200240251105s9999||||xx |||||||||||||||||und|| a9788418238222 aspa aPaquim 0a¡¡Vamos allá!! (segunda edición) a[Madrid, España] :bLantia, c[Fecha de publicación no identificada] a0 páginas aCaligrama aRomance uhttps://public.digitaliapublishing.com/a/120982